| 000 | 00387nam a2200157Ia 4500 | ||
|---|---|---|---|
| 008 | 210719s1965 xx 000 0 und d | ||
| 041 | _aeng | ||
| 082 | _a813.52 DRES | ||
| 100 | _aDREISER (Theodore) | ||
| 245 | _aSister Carrie. | ||
| 260 |
_aN Y _bHarper & Row Publishers _c1965 |
||
| 300 |
_axix,458 _bPB |
||
| 365 | _cRs | ||
| 650 | _aAmerican English Fiction | ||
| 906 | _aFiction | ||
| 999 |
_c213021 _d213021 |
||